01025nam a2200241 i 4500003000900000005001700009007000300026008004100029040003000070082001300100100003700113245017200150264009000322300002600412336002700438337003300465338002800498590002800526910000700554942001300561952019200574999001700766DO-SdBNP20240916153309.0ta240916s1935 dr 000 0 spa d aDO-SdBNPbspacBNPHUerda bC4222221 aCestero, Miguel A.eautor98658910aMemoria :bpresentada por el secretario general de la Cámara de Comercio Industria y Agricultura de San Pedro de Macorís de la labor realizada /cMiguel A. Cestero a[San Pedro de Macoris, República Dominicana] :bImprenta Diario de Macoris.,c1935. a15 paginas. ;c24 cm. 2rdacontentatextobtxt 2rdamediaasin mediaciónbn 2rdacarrieravolumenbnc aInventariado, 2024 / YL aDG 2ddccLF2 00102ddc51708DS-FRVaBNPHUbBNPHUcCTd1971-03-01eDonación l0oBNPHU F-RV C422p2024-5365r2024-09-16w2024-09-16yLF2zPerteneció a la biblioteca personal de Julio Ortega Frier c57696d57696